Právo na ochranu zdravia v systémoch zdravotnej starostlivosti

Problémy, ktoré sa vzťahujú k zdraviu a viažu sa na existenciu a potrebu zachovania ľudského života ako spoločenskej hodnoty a kvality života. Riziká v súvislosti so zavádzaním liberálnych znakov do sociálneho systému zdravotnej starostlivosti. Význam morálnych hodnôt a noriem a ich dodržiavania v...

Descripción completa

Guardado en:
Detalles Bibliográficos
Autor principal: Smolková, Eva
Formato: Capítulo de libro
Lenguaje:eslovaco
Materias:
Etiquetas: Agregar Etiqueta
Sin Etiquetas, Sea el primero en etiquetar este registro!

MARC

LEADER 00000nla a2200000 4500
001 0211651
005 20240417075103.6
041 0 |a slo 
044 |a SK 
245 1 0 |a Právo na ochranu zdravia v systémoch zdravotnej starostlivosti  |c Eva Smolková 
520 |a Problémy, ktoré sa vzťahujú k zdraviu a viažu sa na existenciu a potrebu zachovania ľudského života ako spoločenskej hodnoty a kvality života. Riziká v súvislosti so zavádzaním liberálnych znakov do sociálneho systému zdravotnej starostlivosti. Význam morálnych hodnôt a noriem a ich dodržiavania v zdravotníctve. Etika a ľudské práva v zdravotnej starostlivosti. Obmedzovanie práva na zdravotnú starostlivosť vedie k prehlbovaniu a rastu sociálnej nerovnosti. 
610 2 0 |a zdravotníctvo 
610 2 0 |a služby zdravotnícke 
610 2 0 |a zariadenia zdravotnícke 
610 2 0 |a ochrana zdravia 
610 2 0 |a kvalita života 
610 2 0 |a etika sociálna 
610 2 0 |a práva ľudské 
100 1 |a Smolková, Eva